| 000 | 00532nam a22001817a 4500 | ||
|---|---|---|---|
| 003 | NUST | ||
| 005 | 20260217152913.0 | ||
| 008 | 260217b ||||| |||| 00| 0 eng d | ||
| 020 | _a979-8868802232 | ||
| 082 |
_a005.133 _bSLO |
||
| 100 |
_a Slobodan Dmitrović. _9133308 |
||
| 245 |
_aModern C for Absolute Beginners: A Friendly Introduction to the C Programming Language / _c Slobodan Dmitrović. |
||
| 250 | _a2nd Edition | ||
| 260 |
_bApress, _c2024. |
||
| 300 |
_a376 p ; _c33.8 cm |
||
| 563 | _aHardcover | ||
| 942 |
_2ddc _cBK |
||
| 999 |
_c616283 _d616283 |
||